TV & Movie Overlap Pairs Quiz Stats

 Plays Quiz Updated May 21, 2016

Challenge
Share
Tweet
Score 0/24 Timer 06:00
2 Plays Today
% Correct
The Dark Knight
93.2%
Knight Rider
85.8%
30 Rock
84.1%
Bad Teacher
82.9%
Breaking Bad
82.4%
Who Framed Roger Rabbit
80.6%
Beauty and the Beast
74.7%
13 Going on 30
73.3%
Grey's Anatomy
72.6%
Game of Thrones
71.2%
American Beauty
66.5%
The Walking Dead
65.9%
% Correct
Dead Poets Society
65.1%
Mars Attacks
63.4%
Lost in Translation
62.6%
Doctor Who
59.9%
Veronica Mars
55.3%
12 Angry Men
54.1%
Once Upon a Time
45.3%
Anatomy of a Murder
35.7%
Land of the Lost
35%
He Got Game
30.3%
Adam-12
27.9%
Time Bandits
20.9%

You're not logged in!

Compare scores with friends on all Sporcle quizzes.
Join for Free
OR
Log In

You Might Also Like...

Show Comments

Extras

Top Quizzes Today


Score Distribution

Your Account Isn't Verified!

In order to create a playlist on Sporcle, you need to verify the email address you used during registration. Go to your Sporcle Settings to finish the process.

Report this User

Report this user for behavior that violates our Community Guidelines.

Details: